Statistics for The Baseball Positions Quiz

Click here to take the quiz!

General Stats

  • This quiz has been taken 144 times
  • The average score is 10 of 12

Answer Stats

HintAnswer% Correct
The WallCatcher | C
100%
The "Leader" of the outfieldCF | Center Field | Center
97%
The "leader" of the infieldSS | Short | Shortstop
95%
Usually the shortest on the team2B | Second Base | Second
92%
Has the best arm on the fieldRF | Right Field | Right
91%
Tallest on the team1B | First Base | First
90%
The Hot Corner3B | Third | Third Base
87%
LeftLeft Field | Left | LF
85%
Only HittingDH | Designated Hitter
80%
This guy ends off the gameCP | Closing Pitcher | Closer
76%
This guy goes in after the coach takes out the starterRP | Relief Pitcher | Reliever
75%
The on who throughs the first pitchSP | Starting Pitcher | Starter
75%

Score Distribution

Percentile by Number Answered

Percent of People with Each Score

Your Score History

You have not taken this quiz